Представление документа в формате MARC21

Поле Инд. ПП Название Значение
Тип записи m
Библиографический уровень m
001 Контрольный номер RU/LIBMSTU/384007699
005 Дата корректировки 20230131143058.6
008 Кодируемые данные 121030|||||||||ru |||||||||||000|||rus||
040 b Код языка каталог. rus
e Правила каталог. PSBO
041 0_ a Код языка текста rus
084 a Индекс другой классификации/Индекс ББК 65.291.212.8
245 10 a Заглавие Делопроизводство
b Продолж. заглавия метод. указания и контрол. задания для студентов специальности 030501.65 "Юриспруденция" заоч. и заоч.-ускор. форм обучения
c Ответственность Федер. агентство по рыболовству, Мурман. гос. техн. ун-т, Каф. соц. работы и теологии ; сост. З. И. Игнатюк
h Физич. носитель Электронный ресурс
256 a Характеристики компьютерного файла Электрон. текстовые дан. (1 файл : 456 Кб)
260 a Место издания Мурманск
b Издательство Изд-во МГТУ
c Дата издания 2011
500 10 a Примечание Доступ из локальной сети Мурман. гос. техн. ун-та. - Загл. с экрана
583 x Служебное примечание Полнотекстовые документы
x Служебное примечание Труды преподавателей МГТУ
z Открытое примечание Для студентов юридических специальностей
653 1_ a Ключевые слова Делопроизводство; Документация; Методические указания; Электронные версии; Труды преподавателей МГТУ
856 0_ u URL https://elib.mauniver.ru/2011/M_11_50.pdf
901 t Тип документа m
952 c Вид литературы учебно-методическое издание